MST3K Follow That Line: The Incredible Melting Man Quiz Stats

Quiz not verified by Sporcle

Challenge
Share
Tweet
Score 0/20 Timer 06:00
0 Plays Today
% Correct
The George Hamilton story.
96.2%
Just me and half a nurse.
96.2%
A little young to be pregnant, isn't she?
96.2%
Not 2%
92.9%
And so is the heart.
92.3%
Even though my name is Trent.
92.3%
I had a bad dream.
91.7%
I want to share my secrets with you, Steve, just call.
91%
I know, I was just trying to hurt your feelings.
90.4%
We've seen each other, does that count?
89.7%
% Correct
He was my ride back!
88.5%
Keith Moon in the hospital.
87.8%
No, that was a freebie.
86.5%
Did you have that stigmata again?
86.5%
Those old folks gave him a taste for aged meat.
84.6%
You know, immolation is the sincerest form of flattery.
83.3%
We couldn't get a tee time.
82.7%
If she messes it up this time, she's gone.
82.7%
Well, I'd rather stand, if you don't mind.
78.2%
God I love you.
76.9%

You're not logged in!

Compare scores with friends on all Sporcle quizzes.
Sign Up with Email
OR
Log In

You Might Also Like...

Show Comments

Extras

Top Quizzes Today


Score Distribution

Your Account Isn't Verified!

In order to create a playlist on Sporcle, you need to verify the email address you used during registration. Go to your Sporcle Settings to finish the process.

Report this User

Report this user for behavior that violates our Community Guidelines.

Details: